000 00462nam a2200181Ia 4500
005 20240823025540.0
008 240823s9999||||xx |||||||||||||| ||und||
041 _aENGLISH
082 _A004.6 Q0
100 _a"Jin,Yaochu"
245 0 _aAdvanced Fuzzy Systems Design and Applications
250 _a1st
260 _c2010
_bSpringer International Ed
500 _aYES
650 _aFuzzy Systems Design
_bComputer Science
942 _cBK
999 _c186580
_d186580